Eastern Utah Libraries Catalog: Duchesne, Heber, Roosevelt, & Vernal

When the Dark Clouds Come / (Record no. 413915)

MARC details
000 -LEADER
fixed length control field 01714nam a22003015a 4500
001 - CONTROL NUMBER
control field zcodcb b8880557
005 - DATE AND TIME OF LATEST TRANSACTION
control field 20251126145642.0
008 - FIXED-LENGTH DATA ELEMENTS--GENERAL INFORMATION
fixed length control field 251103s2025 |||| ||| |||||1|und||
020 ## - INTERNATIONAL STANDARD BOOK NUMBER
International Standard Book Number 9780063413344
020 ## - INTERNATIONAL STANDARD BOOK NUMBER
International Standard Book Number 0063413345
040 ## - CATALOGING SOURCE
Description conventions rda
092 ## - LOCALLY ASSIGNED DEWEY CALL NUMBER (OCLC)
Classification number children nonfiction
Item number Ridolfi
100 1# - MAIN ENTRY--PERSONAL NAME
Personal name Ridolfi, Danielle.
9 (RLIN) 6556772
245 10 - TITLE STATEMENT
Title When the Dark Clouds Come /
Statement of responsibility, etc Danielle Ridolfi.
260 ## - PUBLICATION, DISTRIBUTION, ETC. (IMPRINT)
Name of publisher, distributor, etc Quill Tree Books
Date of publication, distribution, etc 10/28/2025.
264 ## - Production, Publication, Distribution, Manufacture, and Copyright Notice.
Place of production, publication, distribution, manufacture New York :
Name of producer, publisher, distributor, manufacturer Quill Tree Books,
Date of production, publication, distribution, manufacture, or copyr 2025.
300 ## - PHYSICAL DESCRIPTION
Extent unpaged :
Other physical details color illustrations.
520 ## - SUMMARY, ETC.
Summary, etc Perfect for fans of The Umbrella and Lizzy and the Cloud, this striking story from debut author-illustrator Danielle Ridolfi explores the beauty of the natural world, while also showing readers that big feelings--like a scary thunderstorm--will come and go. With a stirring narrative and remarkable collage artwork, When the Dark Clouds Come draws on the lessons of the natural world to assure readers that, although tough times and difficult emotions may appear suddenly like a stormy sky, the sun is never far behind. Drawing on her background in clinical psychology, Danielle Ridolfi utilizes color shifts, sprawling landscapes, and lyrical text to show readers the beauty and relatability of nature.When the Dark Clouds Come is ideal for reading aloud and is a book kids and caregivers will turn to again and again for comfort.
521 ## - TARGET AUDIENCE NOTE
Target audience note Ages 4 - 8
650 #0 - SUBJECT ADDED ENTRY--TOPICAL TERM
Topical term or geographic name as entry element Resilienc
Form subdivision Juvenile fiction
9 (RLIN) 6556775
650 #0 - SUBJECT ADDED ENTRY--TOPICAL TERM
Topical term or geographic name as entry element Feelings
Form subdivision Juvenile fiction.
9 (RLIN) 6556776
650 #0 - SUBJECT ADDED ENTRY--TOPICAL TERM
Topical term or geographic name as entry element Storms
Form subdivision Juvenile literature.
9 (RLIN) 5693223
655 #7 - INDEX TERM--GENRE/FORM
Genre/form data or focus term Picture books.
942 ## - ADDED ENTRY ELEMENTS (KOHA)
Source of classification or shelving scheme Dewey Decimal Classification
Koha item type BOOK
Holdings
Withdrawn status Lost status Source of classification or shelving scheme Damaged status Not for loan Collection code Home library Current library Shelving location Date acquired Source of acquisition Total Checkouts Total Renewals Full call number Barcode Date last seen Date checked out Cost, replacement price Price effective from Koha item type
    Dewey Decimal Classification     Children NonFiction Wasatch County Library Wasatch County Library Main Floor Childrens Area 11/26/2025 Ingram 1 1 E Mind/Body Feelings Ridolfi 34301002173849 01/07/2026 12/03/2025 19.99 11/26/2025 BOOK
This project was made possible through a grant from the Institute of Museum and Library Service administered by the Utah State Library Division.

Wasatch County Library

  • 465 East 1200 South, Heber City, Utah 84032
  • Phone 435-654-1511 | Fax 435-654-6456

Hours

  • Monday - Friday 9:30 AM - 8:00 PM
  • Saturday 9:30 AM - 1:30 PM
  • Closed Sundays and Holidays